EPIC: The Musical - Lyrics Sort #27 - Little Wolf - Statistics

General Stats
  • This quiz has been taken 49 times
  • The average score is 24 of 61
Answer Stats
Hint Answer % Correct
Line 1 Fight, little wolf, fight [1]
86%
Line 2 Wanna entertain me? [1]
77%
Line 3 Bite, little wolf, bite [1]
64%
Line 4 Let's see how you take this [1]
59%
Line 5 Strike, little wolf, strike [1]
55%
Line 10 I'll teach you all the lessons your daddy never could
50%
Line 7 Fight, little wolf, fight, little wolf, fight [1]
45%
Line 11 This cruel world doesn't give out presents just for being good, so
45%
Line 6 Wanna be a man? Then [1]
45%
Line 36 Alright now, let's try this again
41%
Line 12 Fight, little wolf, fight [2]
41%
Line 41 Fight, little wolf, fight [3]
41%
Line 58 Go back and cry in your corner
41%
Line 60 If she won't choose a man to adorn her, we'll bring blood and tears
41%
Line 33 Is time now moving slow?
41%
Line 59 Make sure your mother hears
41%
Line 26 Need some help?
41%
Line 34 No, I just made your thoughts quick
41%
Line 57 Ow
41%
Line 16 Strike, little wolf, strike [2]
41%
Line 61 Tell me, Athena, why you came to my aid
41%
Line 17 Wanna be a man? Then [2]
41%
Line 13 Wanna entertain me? [2]
41%
Line 9 You'll have run out of bones to break when you and I are through
41%
Line 8 You've made your worst mistake here, might be your last one too
41%
Line 22 All because you had to
36%
Line 14 Bite, little wolf, bite [2]
36%
Line 43 Bite, little wolf, bite [3]
36%
Line 29 Cause I suggest you fight back
36%
Line 25 Die, little wolf, die, little wolf, die
36%
Line 46 Don't go down without a
36%
Line 20 Don't you know it's fight or
36%
Line 49 Fight, little wolf, fight [4]
36%
Line 18 Fight, little wolf, fight, little wolf, fight [2]
36%
Line 21 Flight, little wolf, flight?
36%
Line 48 Get up and fight
36%
Line 30 I don't know how
36%
Line 37 I've no respect for bullies, those who impose their will
36%
Line 38 I've seen plenty enough to truly understand this kind of filth
36%
Line 15 Let's see how you take this [2]
36%
Line 39 Let's teach this dog a lesson in front of all his kind
36%
Line 56 Oh, maybe I pushed you a bit too hard
36%
Line 40 One young wolf has a larger heart than all these men combined
36%
Line 19 Or die, little wolf, die
36%
Line 24 Run away before you die
36%
Line 42 Show them that you've got some
36%
Line 45 Strike, little wolf, strike [3]
36%
Line 53 Strike, little wolf, strike (strike!)
36%
Line 23 Try, little wolf, try
36%
Line 31 Uppercut him, now
36%
Line 54 Wanna be a man? Then (Oh, oh-oh)
36%
Line 27 What's going on here?
36%
Line 35 Whoa, that is so sick!
36%
Line 51 Bite, little wolf, bite [4]
32%
Line 55 Fight, little wolf, fight, little wolf, fight (fight!)
32%
Line 28 Is your plan to stand around?
32%
Line 50 Wanna entertain us? (Oh, oh-oh)
32%
Line 32 Whoa, how did I do that?
32%
Line 52 Let's see how you take this [3]
27%
Line 44 Take advantage now and
27%
Line 47 Fight, little wolf, fight, little wolf, fight [3]
18%
No matching quizzes found
Score Distribution
Percent of People with Each Score
Percentile by Number Answered
Your Score History
You have not taken this quiz